000 01254nam a2200409 a 4500
001 22399
003 SK-KTurca
005 20260327151054.0
008 251029s2011 xo g 000 f slo
015 _aSNBA2011/07-03739
020 _a9788080859275
_q(viaz.)
035 _a0FCC6FF7-79F3-4CF1-8230-75E6F74A0D71
035 _aurn:nbn:sk:snk-amjhdp
035 _aurn:nbn:sk:snk-am001xzk
040 _aPOKPOH
_bslo
_cPOKPOH
_dSVKBB
_eAACR2
041 1 _aslo
_hdut
044 _axo
_cSK
072 7 _a821.11
_xGermánske literatúry
_2konspekt
080 _a821.112.5-31
_22001
080 _a(0:82-311.1)
_22001
100 1 _aWolkers, Jan,
_d1925-2007
_4aut
240 1 0 _aTurks fruit
_lSlovensky
245 1 0 _aTurecký med
_cJan Wolkers ; z nizozemčiny preložil Adam Bžoch
250 _a[1. vyd.]
260 _aBratislava
_bSlovart
_c2011
300 _a156 s.
_c22 cm
490 1 _aMM
_v99 zv.
655 7 _aholandské romány
_2SNKPH
655 7 _apsychologické romány
_2SNKPH
655 7 _aDutch fiction
_2SNKPHeng
655 7 _aPsychological novels
_2SNKPHeng
700 1 _aBžoch, Adam,
_d1966-
_4trl
830 0 _aMM
942 _2ddc
_cKLDO
_n0
980 _a821.112.5-31
999 _c22399
_d22399